Riconosci lo Stato - Quiz n°76 - Statistics

Statistiche generali
  • Questo quiz è stato fatto 46 volte
  • Il punteggio medio è 11 su 12
Statistiche sulle risposte
Indizio Risposta % Corretto
Iniziale della Capitale K
100%
Fuso Orario UTC+4:30
100%
Popolazione 40 099 460 ab.
98%
Capo di Stato Hibatullah Akhundzada (de facto)
98%
Forma di Governo Repubblica islamica presidenziale (de iure) Teocrazia islamica sotto una dittatura totalitaria (de facto)
95%
ISU 0,478
93%
PIL (nominale) 19 654 milioni di $
93%
Tasso di crescita 2,34%
93%
Superficie 652 864 km²
93%
Valuta Afghani
93%
Risposta Afghanistan
93%
Primo ministro Hassan Akhund (ad interim, de facto)
93%
Nessun quiz corrispondente trovato
Distribuzione punteggi
Percentuale di utenti per punteggio
Percentile per numero di risposta
I tuoi punteggi nel tempo
Non hai fatto questo quiz